000 00784nmm a2200253 a 4500
001 ocm000782814
003 TR-IsHL
005 20201028140404.0
008 131212s2012 tu tur
007 cr cn
035 _a782814
_b(N$T)
050 0 4 _aPL248.O48
_bM5 2012
090 0 4 _aPL248.O48
_bM5 2012
100 1 _aOğuz, Mina
245 1 0 _aGrand Türk ve Bellini
_h[electronic resource] /
_cMina Oğuz
260 _aİstanbul :
_bParadoks Kitap,
_c2012
300 _a180 p.
650 4 _aDil ve Edebiyat
650 4 _aLanguage and Literature
650 0 _aTürk romanı
650 0 _aTurkish fiction
650 7 _aLITERARY COLLECTIONS / Middle Eastern
_2bisacsh
856 4 0 _uhttp://search.ebscohost.com/login.aspx?direct=true&scope=site&db=e011xww&AN=782814
999 _c7261
_d7261